| 000 | 00000nam 2200000za 4500 |
| 001 | 9.615994 |
| 003 | CaOODSP |
| 005 | 20210615101357 |
| 007 | ta |
| 008 | 150406|2002||||xxc||||| f|0| 0 eng d |
| 020 | |a0-660-18896-1 |
| 040 | |aCaOODSP|beng |
| 043 | |an-cn--- |
| 086 | 1 |aNH15-132/5-2002E |
| 110 | 2 |aCanada Mortgage and Housing Corporation. |
| 245 | 10|aArchitectural precast concrete walls |
| 260 | |aOttawa - Ontario : |bCanada Mortgage and Housing Corporation |c2002. |
| 300 | |avi, 115p. : |bfigs., illus., references ; |c30 cm. + |eA CD-ROM under the same title, holding CAD drawings. |
| 490 | 1 |aBest practice guide |
| 500 | |a"This Best Practice Guide is a joint venture of Canada Mortgage and Housing Corporation and Public Works and Goverment Services Canada in collaboration with the Canadian Precast/prestressed Concrete Institute."--Page i. |
| 563 | |aBinder |
| 590 | |a03-14|b2003-04-04 |
| 775 | 08|tMurs en béton architectural préfabriqué |w(CaOODSP)9.625947 |
| 776 | 0#|tArchitectural precast concrete walls |w(CaOODSP)9.825787 |
| 830 | #0|aBest practice guide.|w(CaOODSP)9.514812 |